Water : (Record no. 6787)

MARC details
000 -LEADER
fixed length control field 00838nam a22002657a 4500
001 - CONTROL NUMBER
control field 6787
003 - CONTROL NUMBER IDENTIFIER
control field FISKH
005 - DATE AND TIME OF LATEST TRANSACTION
control field 20250528110938.0
008 - FIXED-LENGTH DATA ELEMENTS--GENERAL INFORMATION
fixed length control field 250528b cb ||||| |||| 00| 0 eng d
020 ## - INTERNATIONAL STANDARD BOOK NUMBER
International Standard Book Number 9781405336758
040 ## - CATALOGING SOURCE
Original cataloging agency FISKH
Language of cataloging eng
Transcribing agency FISKH
Modifying agency FISKH
050 ## - LIBRARY OF CONGRESS CALL NUMBER
Classification number GB662.W66
082 ## - DEWEY DECIMAL CLASSIFICATION NUMBER
Classification number 553.7
100 ## - MAIN ENTRY--PERSONAL NAME
Personal name Woodward, John
245 ## - TITLE STATEMENT
Title Water :
Remainder of title Free clipart CD & wallchart /
Statement of responsibility, etc. Written by John Woodward
250 ## - EDITION STATEMENT
Edition statement First published in 2009
260 ## - PUBLICATION, DISTRIBUTION, ETC.
Place of publication, distribution, etc. London :
Name of publisher, distributor, etc. Dorling Kindersley Limited ,
Date of publication, distribution, etc. 2009.
300 ## - PHYSICAL DESCRIPTION
Extent 72 pages :
Other physical details color illustrations, maps ;
Dimensions 28 cm .
490 ## - SERIES STATEMENT
Series statement Eyewitness
520 ## - SUMMARY, ETC.
Summary, etc. Takes a look at the role of water in our bodies, our cultures, and our world.
650 ## - SUBJECT ADDED ENTRY--TOPICAL TERM
Topical term or geographic name entry element Art and design
Form subdivision Non-fiction
700 ## - ADDED ENTRY--PERSONAL NAME
Personal name Hynes, Margaret
Relator term Project editor
942 ## - ADDED ENTRY ELEMENTS (KOHA)
Source of classification or shelving scheme Dewey Decimal Classification
Koha item type Books
Suppress in OPAC No
Holdings
Withdrawn status Lost status Source of classification or shelving scheme Damaged status Not for loan Collection Home library Current library Shelving location Date acquired Total Checkouts Full call number Barcode Date last seen Price effective from Koha item type
    Dewey Decimal Classification     Non-Fiction Footprints International School Library Network Toul Tom Poung Campus Footprints International School Library Network Toul Tom Poung Campus TTP Secondary Non-Fiction Bookshelves 05/28/2025   WOO 553.7 GB662.W66 2025-1425 05/28/2025 05/28/2025 Books